000
00307nam a2200109Ia 4500
005
20251222114401.0
008
251222s1900||||xx |||||||||||||| ||spa||
082
_a
DVD0092/S25V/2006/Ej.2
245
0
_a
La Virgen de la Evangelización.
264
_b
Castillejo, Christian Salas Delgado, Raúl
942
_c
DVD
999
_c
1625
_d
1625